100 ways to develop self confidence / (Record no. 151156)

MARC details
000 -LEADER
fixed length control field 00558nam a22001817a 4500
005 - DATE AND TIME OF LATEST TRANSACTION
control field 20180423144909.0
010 ## - LCCN (DPL NO)
LC control number ENG-122567
020 ## - INTERNATIONAL STANDARD BOOK NUMBER
International Standard Book Number 9788183823319
Terms of availability 160.00
035 ## - SYSTEM CONTROL NUMBER
System control number EN-106099
037 ## - SOURCE OF ACQUISITION
Source of stock number/acquisition DBAD/PUB
082 ## - DEWEY DECIMAL CLASSIFICATION NUMBER
Classification number 158.1
100 ## - MAIN ENTRY--PERSONAL NAME
Personal name Garg, Chitra
245 ## - TITLE STATEMENT
Title 100 ways to develop self confidence /
Statement of responsibility, etc by Chitra Garg
260 ## - PUBLICATION, DISTRIBUTION, ETC. (IMPRINT)
Place of publication, distribution, etc New Delhi
Name of publisher, distributor, etc Lotus Press
Date of publication, distribution, etc 2017
270 ## - ADDRESS
Address 4735/22, Prakash Deep Building, Ansari Road, Darya Ganj,
City New Delhi
Postal code 110002
300 ## - PHYSICAL DESCRIPTION
Extent 205p.
Dimensions 20cm.(pbk)
Other physical details ill.
942 ## - ADDED ENTRY ELEMENTS (KOHA)
Source of classification or shelving scheme Dewey Decimal Classification
Item type English Books
Call number suffix GAR
Classification part 158.1
Holdings
Withdrawn status Lost status Not for loan Collection code Home library Current library Date acquired Source of acquisition Cost, normal purchase price Full call number Barcode Copy number Cost, replacement price Koha item type
    Not For Loan Non-fiction D.B.Act.Division Patel Nagar 13/04/2018 DBAD/PUB 160.00 158.1GAR EN-106099 1 160.00 English Books

© Delhi Public Library
Hit Counter
free hit counter